000
00316nam a22001337a 4500
008
171103b xxu||||| |||| 00| 0 eng d
020
_a
9780071477185
041
_a
eng
080
_a
33
100
_a
60
101
_a
BUS
245
_a
THE ULTIMATE SMALL BUSINESS MARKETING TOOLKIT
_c
GOLDSTEIN,B
942
_2
udc
_c
BK
999
_c
37427
_d
37427